| Tag |
First Indicator |
Second Indicator |
Subfields |
| LEADER |
00000cam a2200000 a 4500 |
| 001 |
in00000075004 |
| 005 |
20151008060242.0 |
| 008 |
810815s1980 onc b 00110 engm |
| 010 |
|
|
|a 81479203
|
| 015 |
|
|
|a C***
|
| 020 |
|
|
|a 088808000X (pbk.) :
|c $10.00
|
| 035 |
|
|
|a (OCoLC)06540121
|
| 035 |
|
|
|9 AAJ5400AM
|
| 039 |
0 |
|
|a 2
|b 3
|c 3
|d 3
|e 3
|
| 040 |
|
|
|a DLC
|c DLC
|d TXA
|d UtOrBLW
|
| 043 |
|
|
|a n-cn---
|
| 049 |
|
|
|a TXAM
|c [1672851]
|
| 050 |
0 |
0 |
|a HJ2449
|b .B6
|
| 082 |
0 |
|
|a 336.2/00971
|2 19
|
| 100 |
1 |
|
|a Boadway, Robin W.,
|d 1943-
|
| 245 |
1 |
0 |
|a Canadian tax policy /
|c Robin W. Boadway and Harry M. Kitchen.
|
| 264 |
|
1 |
|a Toronto, Canada :
|b Canadian Tax Foundation,
|c [1980]
|
| 264 |
|
4 |
|c ©1980
|
| 300 |
|
|
|a xi, 305 pages ;
|c 23 cm.
|
| 336 |
|
|
|a text
|b txt
|2 rdacontent
|
| 337 |
|
|
|a unmediated
|b n
|2 rdamedia
|
| 338 |
|
|
|a volume
|b nc
|2 rdacarrier
|
| 490 |
1 |
|
|a Canadian tax papers,
|x 0008-512X ;
|v no. 63
|
| 504 |
|
|
|a Includes bibliographical references and index.
|
| 650 |
|
0 |
|a Taxation
|z Canada.
|
| 700 |
1 |
|
|a Kitchen, Harry M.
|
| 830 |
|
0 |
|a Canadian tax papers ;
|v no. 63.
|
| 999 |
|
|
|a MARS
|
| 999 |
f |
f |
|s e0b86af6-2d8f-33ad-842d-d9f657826be2
|i 1f7ea0e6-8c49-357f-88ed-89e08aa6adeb
|t 0
|
| 952 |
f |
f |
|p ric
|a Texas A&M University
|b Rellis Campus
|c Joint Library Facility
|d Remote Storage
|t 0
|e HJ2449 .B6
|h Library of Congress classification
|i unmediated -- volume
|m A14806138361
|
| 998 |
f |
f |
|a HJ2449 .B6
|t 0
|l Remote Storage
|